Last President before Donald Trump who... Quiz Stats

 Plays Quiz not verified by Sporcle

Score 0/15 Timer 04:00
0 Plays Today
Question Answer Wrong Answers
Donald Trump won the Presidency with a majority of the electoral college vote, but did not carry the majority of the popular vote. Who was the most recent President to do the same? George W. Bush
84.3%
Bill Clinton
4.7%
Rutherford Hayes
4.1%
John Quincy Adams
2.4%
Donald Trump was the oldest person to take the office of President of the United States. Who was the oldest before him? Ronald Reagan
83.8%
James Buchanan
3.7%
Franklin Roosevelt
5.1%
George Washington
3.4%
Before Melania Trump, who was the most recent President who had a first lady whose first name began with an 'M' ? Barack Obama
81.1%
Gerald Ford
3.1%
Dwight Eisenhower
8.6%
Abraham Lincoln
3.1%
Donald Trump has been divorced twice, more than any other President. Who was the most recent President to have been divorced? Ronald Reagan
73.1%
Lyndon Johnson
8.3%
Grover Cleveland
8.9%
Woodrow Wilson
5.3%
Before Donald Trump, who was the most recent President with a middle initial of 'J' ? Bill Clinton
68.4%
Jimmy Carter
5.9%
Woodrow Wilson
10.6%
Richard Nixon
10.9%
Donald Trump was born in 1946. Who was the most recent President that was older than him? George H.W. Bush
68.2%
Bill Clinton
12.1%
George W. Bush
14.5%
Barack Obama
1.5%
Donald Trump owned the New Jersey Generals of the USFL from 1984-85. Who was the most recent President to have owned major sports franchise? George W. Bush
67.7%
George H.W. Bush
15.3%
Dwight Eisenhower
3.4%
William Taft
8.7%
Who was the most recent President before Donald Trump who never held elected office prior to becoming President? Dwight Eisenhower
66.1%
Harry Truman
7%
Jimmy Carter
6.7%
Ronald Reagan
15.6%
Who was the most recent President before Donald Trump who was born in the state of New York? Franklin Roosevelt
64.2%
Theodore Roosevelt
13.6%
William McKinley
7.6%
Richard Nixon
10%
Donald Trump is portrayed by Alec Baldwin on Saturday Night Live. Chevy Chase was the first to portray a President on SNL. Which President did he portray? Gerald Ford
62.7%
Richard Nixon
15.1%
Jimmy Carter
14.2%
John Kennedy
3.9%
Vice President Mike Pence was born in Indiana. Who was the most recent President whose Vice President was born in Indiana? George H.W. Bush (Dan Quayle)
62.6%
Richard Nixon (Spiro Agnew)
14.6%
Woodrow Wilson (Thomas Marshall)
10.3%
Theodore Roosevelt (Charles Fairbanks)
7.8%
Donald Trump is the 45th US President. Who was the most recent President whose number was divisible by 9 (with no remainder) ? Lyndon Johnson
47.8%
Richard Nixon
13.3%
John Kennedy
20.2%
Dwight Eisenhower
14.7%
Donald Trump graduated from the University of Pennsylvania. Who was the most recent President to graduate (undergrad) from a college in Pennsylvania? William McKinley (Allegheny College)
44.1%
Calvin Coolidge (Amherst)
15.8%
Chester Arthur (Union College)
12.8%
Ronald Reagan (Eureka College)
23.2%
Donald Trump attended New York Military Academy in high school. Who was the most recent President to attend any type of military school as part of his secondary or undergraduate education? Jimmy Carter
33.5%
George W. Bush
24.5%
Dwight Eisenhower
24.9%
John Kennedy
12.9%
Melania Trump was born in Yugoslavia in what is now Slovenia. Who was the most recent President whose wife was not born in North America? John Quincy Adams (Louisa Catherine Johnson)
33.1%
John Kennedy (Jacqueline Lee Bouvier)
25.1%
James Garfield (Lucretia Randolph)
26.5%
George Washington (Martha Dandridge)
11%

You're not logged in!

Compare scores with friends on all Sporcle quizzes.
OR
Log In

Show Comments

Extras

Top Quizzes Today


Score Distribution

Your Account Isn't Verified!

In order to create a playlist on Sporcle, you need to verify the email address you used during registration. Go to your Sporcle Settings to finish the process.

Report this User

Report this user for behavior that violates our Community Guidelines.

Details: